000 01102nab a22002297a 4500
999 _c5269
_d5269
003 OSt
005 20250211115114.0
008 190429b xxu||||| |||| 00| 0 spa d
040 _cPJ
100 _92776
_aLuzón Peña, Diego-Manuel
245 1 3 _aEl comienzo de ejecución en la tentativa acabada y en la tentativa en autoría mediata /
_cDiego M. Luzón Peña.
260 _cCiudad Autónoma de Buenos Aires :
_aThomson Reuters La Ley,
_b2025.
300 _ap. 11-28
500 _aCita: AR/DOC/70/2025.
505 _aSumario: I. Comienzo de ejecución en la tentativa acabada: el pretendidamente distinto comienzo de ejecución en la tentativa acabada de autor único.— II. Comienzo de ejecución en la autoría mediata.
505 _tSi te interesa el texto completo, solicitalo a koha@justierradelfuego.gov.ar
650 0 _9343
_aDERECHO PENAL
650 0 _93000
_aTENTATIVA
650 0 _92999
_aAUTORÍA
773 0 _02658
_93164
_tRevista de derecho penal y criminología. Nº 1 - Febrero 2025
_dCiudad Autónoma de Buenos Aires : Thomson Reuters La Ley, 2017-
_x00347914
942 _2udc
_cANA